00538nam a2200157 i 4500001000300000100001900003245009100022260005500113300002500168700001700193040000800210041000800218080001500226008004100241856009800282bg1 aFOLEK, Tadeusz 0aInformacja patentowa źródłem inspiracji twórczej /cTadeusz Folek, Zofia Majer. aKatowice :bWoj. Klub Techniki i Racjonal.,c1974. as. 24 :brys., tabl.1 aMAJER, Zofia cBPK apol a608.3(082) s pl f |000 0 pol  uhttp://koha.tu.koszalin.pl/cgi-bin/koha/opac-detail.pl?biblionumber=26582yKatalog online BPK